000 00452nam a22001811a 4500
001 4856
003 OSt
005 20260204211950.0
008 050919s1982||||dr ||||||b||||||||||spa||
050 _aRD 861.44 V546p
100 _aVeloz Maggiolo, Mario
245 _aLa palabra reunida / Mario Veloz Maggiolo
264 _aSanto Domingo: Taller
300 _a192 p
490 _aSerie literaria
650 _aPoesías 2.LitaraturaÌ
942 _2ddc
_cBK
999 _c4856
_d4856